00311nam a2200109Ia 4500008004100000041000800041100001600049245006500065260003300130300000800163700003000171250110s9999 xx 000 0 und d aeng aKolhe Rashi aLandscape Development Of Ambazari Lakefront Garden At Nagpur bM Arch Landscape, Punec2012 a52p aGuide Name:Divekar Asmita